| 000 | 00575nam a22001697a 4500 | ||
|---|---|---|---|
| 005 | 20231108093242.0 | ||
| 008 | 231108b |||||||| |||| 00| 0 eng d | ||
| 020 | _a0409061247 | ||
| 041 | _aEnglish | ||
| 082 | _a346.3 NEE | ||
| 100 |
_aNeethling, J ; Potgieter, JM and Visser, PJ _lEnglish |
||
| 245 |
_aNeethling's Law of Personality / _cJ Neethling, JM Potgieter and PJ Visser |
||
| 260 |
_aDurban : _bButterworth Publishers (Pty) Ltd, _c1996 |
||
| 300 |
_bxi, 348 pages ; _c25 cm. |
||
| 650 |
_aLegal practice _bLaw |
||
| 942 |
_cBK _6ALISON_BN_VRIES |
||
| 999 |
_c409 _d409 |
||